LEADER 01003nam a2200217 i 4500 001 000000007263 003 CaOOAMICUS 005 20180830125438.0 008 180830s1927 it u000 u ita u 040 $aSeMil$bita 245 13$aLe cronache bresciane inedite :$bdei secoli 15.-19. /$ctrascritte e annotate da Paolo Guerrini. 260 $aBrescia :$b[s.n.],$c1927. 300 $av. ;$c24 cm. 650 4$aBrescia - Storia - Fonti - Sec. 15.-19.$0(OLS)http://semarc/subject/1191 700 1 $aGuerrini, Paolo,$c.$0(OLS)http://semarc/name/3780 773 0 $tFonti per la storia bresciana.$w()7264 774 0 $tVol. 3.$kFonti per la storia bresciana$g3$w()89167 774 0 $a* Intestazione al titolo$tVol. 5.$kFonti per la storia bresciana$g5$w()106369 774 0 $tVol. 2.$kFonti per la storia bresciana$g2$w()106370 996 $6245$aLe cronache bresciane inedite :$bdei secoli 15.-19.$9(OLS)http://semarc/title/9733 996 $6260$aBrescia :$b[s.n.]$9(OLS)http://semarc/publisher/30142 LEADER 00955nam a2200253 i 4500 001 000000008098 003 CaOOAMICUS 005 20221021152405.0 008 180830s1969 it u000 u ita u 040 $aSeMil$bita 100 1 $aBernal, John Desmond,$d<1901-1971>.$0(OLS)http://semarc/name/4133 240 10$aScience in History.$0(OLS)http://semarc/title/10779 245 10$aStoria della scienza /$cJohn D. Bernal. 250 $a3. ed. 260 $aRoma :$bEditori Riuniti,$c1969. 300 $a2 v. ;$c22 cm. 490 1 $aNuova biblioteca di cultura ;$v89 650 4$aScienza - Storia.$0(OLS)http://semarc/subject/1196 774 0 $tVol. 1.$w()110583 774 0 $tVol. 2.$w()110585 830 0$aNuova biblioteca di cultura ;$v89.$0(OLS)http://semarc/title/7069 996 $6245$aStoria della scienza$9(OLS)http://semarc/title/9847 996 $6260$aRoma :$bEditori Riuniti$9(OLS)http://semarc/publisher/30240